<?xml version="1.0" encoding="UTF-8"?>
<record
    xmlns:xsi="http://www.w3.org/2001/XMLSchema-instance"
    xsi:schemaLocation="http://www.loc.gov/MARC21/slim http://www.loc.gov/standards/marcxml/schema/MARC21slim.xsd"
    xmlns="http://www.loc.gov/MARC21/slim">

  <leader>01331cab a2200265Ia 45 0</leader>
  <controlfield tag="001">u209920</controlfield>
  <controlfield tag="003">SIRSI</controlfield>
  <controlfield tag="008">120216s2002    ua     ss b         eng d</controlfield>
  <datafield tag="040" ind1=" " ind2=" ">
    <subfield code="a">EAL</subfield>
  </datafield>
  <datafield tag="041" ind1=" " ind2=" ">
    <subfield code="a">eng</subfield>
    <subfield code="b">ara</subfield>
  </datafield>
  <datafield tag="090" ind1=" " ind2=" ">
    <subfield code="a">ART EJAR V80 No1 17</subfield>
  </datafield>
  <datafield tag="100" ind1="1" ind2=" ">
    <subfield code="a">El-Sebaey, I. I. A.</subfield>
  </datafield>
  <datafield tag="240" ind1="1" ind2="0">
    <subfield code="a">Egyptian journal of agricultural research, 2002 v 80 (1)</subfield>
    <subfield code="h">[electronic resource].</subfield>
  </datafield>
  <datafield tag="245" ind1="1" ind2="0">
    <subfield code="a">Coranus africana sp. Nov., a new Harpactorin (Reduviidae: Hemiptera) from Egypt</subfield>
    <subfield code="h">[electronic resource].</subfield>
  </datafield>
  <datafield tag="246" ind1="1" ind2="5">
    <subfield code="a">&#x62A;&#x633;&#x62C;&#x64A;&#x644; &#x646;&#x648;&#x639; &#x62C;&#x62F;&#x64A;&#x62F; &#x645;&#x646; &#x62A;&#x62D;&#x62A; &#x641;&#x635;&#x64A;&#x644;&#x629; &#x647;&#x627;&#x631;&#x628;&#x643;&#x62A;&#x648;&#x631;&#x64A;&#x646;&#x649; (&#x641;&#x635;&#x64A;&#x644;&#x629; &#x631;&#x64A;&#x62F;&#x64A;&#x648;&#x641;&#x64A;&#x62F;&#x649; - &#x631;&#x62A;&#x628;&#x629; &#x646;&#x635;&#x641;&#x64A;&#x629; &#x627;&#x644;&#x623;&#x62C;&#x646;&#x62D;&#x629;) &#x645;&#x646; &#x645;&#x635;&#x631;.</subfield>
  </datafield>
  <datafield tag="300" ind1=" " ind2=" ">
    <subfield code="a">p.211-217.</subfield>
  </datafield>
  <datafield tag="504" ind1=" " ind2=" ">
    <subfield code="a">Includes references.</subfield>
  </datafield>
  <datafield tag="520" ind1=" " ind2=" ">
    <subfield code="a">Coranus africana sp. Nov. is described for the first time from Egypt. It was collected from different localities including Kom Oshim, Sharkia, Wadi El-Natrun, Giza and Sinai. Specimens were secured from some economic plants including tomato, clover, cotton, as well as several wild desert plants.</subfield>
  </datafield>
  <datafield tag="546" ind1=" " ind2=" ">
    <subfield code="a">Summary in Arabic.</subfield>
  </datafield>
  <datafield tag="650" ind1=" " ind2="0">
    <subfield code="a">Hemiptera.</subfield>
  </datafield>
  <datafield tag="650" ind1=" " ind2="0">
    <subfield code="a">Insect pests</subfield>
    <subfield code="x">Control.</subfield>
  </datafield>
  <datafield tag="773" ind1="0" ind2=" ">
    <subfield code="t">Egyptian Journal of Agricultural Research. </subfield>
    <subfield code="g">2002.v.80(1)</subfield>
    <subfield code="x">1110-6336</subfield>
    <subfield code="7">nnas</subfield>
    <subfield code="w">u158585</subfield>
  </datafield>
  <datafield tag="856" ind1="4" ind2="0">
    <subfield code="u">http://nile.enal.sci.eg/EALE/2002/EJAR/8002/1/211.pdf</subfield>
    <subfield code="z">Full Text Article</subfield>
  </datafield>
  <datafield tag="596" ind1=" " ind2=" ">
    <subfield code="a">1</subfield>
  </datafield>
  <datafield tag="942" ind1=" " ind2=" ">
    <subfield code="c">AR</subfield>
    <subfield code="2">lcc</subfield>
  </datafield>
  <datafield tag="999" ind1=" " ind2=" ">
    <subfield code="c">59388</subfield>
    <subfield code="d">59388</subfield>
  </datafield>
</record>
